000 00351nam a2200145Ia 4500
008 220204s9999 xx 000 0 und d
082 _a007
_bULM
100 _aGould, Jay R
245 0 _aTechnical reporting
250 _aEd.3
260 _aNew York
_bHolt Rinehart
_c1972
650 _aTechnical reporting
700 _aUlman, Joseph
942 _cBK
999 _c25413
_d25413